[Event "HUN-chT2 Szechenyi 1011"]
[Site "Hungary"]
[Date "2010.11.21"]
[Round "6.10"]
[White "Hoffmann, Roland"]
[Black "Lakatos, Ervin"]
[Result "1-0"]
[WhiteElo "1785"]
[BlackElo "1715"]
[PlyCount "61"]
[EventDate "2010.09.12"]
[EventType "team-tourn"]
[EventRounds "11"]
[EventCountry "HUN"]
[SourceTitle "EXT 2012"]
[Source "ChessBase"]
[SourceDate "2011.11.24"]
[SourceVersion "1"]
[SourceVersionDate "2011.11.24"]
[SourceQuality "1"]
[WhiteTeam "Tapolca"]
[BlackTeam "Zala Volan"]
[WhiteTeamCountry "HUN"]
[BlackTeamCountry "HUN"]

1. e4 c5 2. Nf3 d6 3. Bb5+ Nc6 4. h3 a6 5. Bxc6+ bxc6 6. c4 Nf6 7. Nc3 e5 8. Qa4 Bd7 9. Qc2 Be7 10. d3 h6 11. 0-0 0-0 12. Be3 Be6 13. Rac1 Rb8 14. b3 Nh7 15. Nd2 Qc8 16. Kh2 f5 17. f4 Bf6 18. Nf3 Qc7 19. fxe5 d5 20. Bxc5 Bxe5+ 21. Nxe5 Qxe5+ 22. Kh1 Rf7 23. d4 Qc7 24. exf5 Bc8 25. cxd5 cxd5 26. Nxd5 Qd7 27. Qc4 Kh8 28. Nb6 Qc7 29. Nxc8 Rxc8 30. Qxa6 Nf6 31. Ba3 1-0

[Event "HUN-chT2 Szechenyi 0809"]
[Site "Hungary"]
[Date "2009.01.11"]
[Round "5.11"]
[White "Makk, Robert"]
[Black "Lakatos, Ervin"]
[Result "1-0"]
[WhiteElo "1817"]
[BlackElo "100"]
[PlyCount "113"]
[EventDate "2008.10.26"]
[EventType "team-tourn"]
[EventRounds "11"]
[EventCountry "HUN"]
[SourceTitle "EXT 2010"]
[Source "ChessBase"]
[SourceDate "2010.11.25"]
[SourceVersion "1"]
[SourceVersionDate "2010.11.25"]
[SourceQuality "1"]
[WhiteTeam "Alsoszolnok"]
[BlackTeam "Zala Volan"]
[WhiteTeamCountry "HUN"]
[BlackTeamCountry "HUN"]

1. e4 c5 2. Nf3 d6 3. d4 cxd4 4. Nxd4 Nf6 5. Nc3 a6 6. Be3 e5 7. Nb3 Be6 8. Bg5 Be7 9. Be2 Nbd7 10. 0-0 0-0 11. Kh1 h6 12. Be3 b5 13. f3 Nb6 14. Bxb6 Qxb6 15. Nd5 Bxd5 16. exd5 Rac8 17. Qd2 Rfe8 18. Rad1 e4 19. fxe4 Nxe4 20. Qf4 Bf6 21. c3 Nxc3 22. bxc3 Rxe2 23. Qg4 Rce8 24. Rxf6 Re1+ 25. Rf1 Qf2 26. Qf3 Qxf1+ 27. Qxf1 Rxf1+ 28. Rxf1 Re2 29. Rd1 Rxa2 30. Kg1 Kf8 31. Ra1 Rc2 32. Rxa6 Rxc3 33. Nd4 b4 34. Ra8+ Ke7 35. Nc6+ Kf6 36. Nxb4 Rb3 37. Nc6 Rb6 38. Rd8 Kf5 39. Rxd6 Ke4 40. h3 Kf4 41. Kh2 Rb7 42. Rd8 Rc7 43. Re8 Rd7 44. Re7 Rxe7 45. Nxe7 Ke5 46. d6 Ke6 47. Kg3 g6 48. Ng8 h5 49. Nh6 g5 50. Kf3 f6 51. Ke4 Kxd6 52. Kf5 Ke7 53. Ng8+ Kf8 54. Nxf6 g4 55. hxg4 hxg4 56. Nxg4 Kg7 57. Ne5 1-0